How Many Championships Have They Won? - Statistics

General Stats
  • This quiz has been taken 55 times
  • The average score is 12 of 15
Answer Stats
Player Answer % Correct
Shohei Ohtani 2
100%
LeBron James 4
100%
Kareem Abdul-Jabbar 6
100%
Tom Brady 7
100%
Mathew Stafford 1
93%
Patrick Mahomes 3
93%
Steph Curry 4
93%
Micheal Jordan 6
93%
Peyton Manning 2
79%
Mookie Betts 4
71%
Babe Ruth 7
71%
Sam Darnold 1
50%
Kevin Durant 2
50%
Bill Russel 11
43%
Kobe Bryant 5
36%
No matching quizzes found
Score Distribution
Percent of People with Each Score
Percentile by Number Answered
Your Score History
You have not taken this quiz